[Event "USA-chT Amateur East"]
[Site "Parsippany"]
[Date "2010.02.14"]
[Round "3"]
[White "Selzler, Richard"]
[Black "Swaminathan, Rahul K"]
[Result "1-0"]
[WhiteElo "2193"]
[BlackElo "2060"]
[PlyCount "87"]
[EventDate "2010.02.13"]
[EventType "team-tourn"]
[EventRounds "6"]
[EventCountry "USA"]
[SourceTitle "CBM 135 Extra"]
[Source "ChessBase"]
[SourceDate "2010.05.04"]
[SourceVersion "1"]
[SourceVersionDate "2010.05.04"]
[SourceQuality "1"]

1. d4 Nf6 2. c4 g6 3. Nc3 d5 4. Nf3 Bg7 5. Bg5 Ne4 6. Bh4 Nxc3 7. bxc3 dxc4 8. e3 Be6 9. Rb1 Nd7 10. Ng5 Bd5 11. e4 h6 12. exd5 hxg5 13. Bxg5 Nb6 14. Bxc4 Nxc4 15. Qa4+ Qd7 16. Qxc4 0-0-0 17. Bf4 Bh6 18. Bg3 Bg7 19. 0-0 Rh5 20. Rb5 e5 21. dxe6 fxe6 22. Rfb1 Rxb5 23. Rxb5 b6 24. a4 Kb7 25. a5 c6 26. a6+ Ka8 27. Rg5 Bf8 28. Rxg6 c5 29. h4 cxd4 30. cxd4 b5 31. Qc7 Qxc7 32. Bxc7 Rc8 33. Rg8 b4 34. Be5 b3 35. d5 exd5 36. h5 Rc1+ 37. Kh2 Rc8 38. h6 b2 39. Rxf8 Rxf8 40. Bxb2 Rf7 41. Bg7 Rf5 42. g4 Rxf2+ 43. Kg3 Rf1 44. h7 1-0

[Event "Pan American Intercollegiate-chT"]
[Site "South Padre Island"]
[Date "2009.12.28"]
[Round "2"]
[White "Selzler, Richard"]
[Black "Bachmann, Axel"]
[Result "0-1"]
[WhiteElo "2193"]
[BlackElo "2553"]
[PlyCount "104"]
[EventDate "2009.12.27"]
[EventType "team-swiss"]
[EventRounds "6"]
[EventCountry "USA"]
[SourceTitle "CBM 134 Extra"]
[Source "ChessBase"]
[SourceDate "2010.03.03"]
[SourceVersion "1"]
[SourceVersionDate "2010.03.03"]
[SourceQuality "1"]

1. d4 Nf6 2. c4 g6 3. Nc3 Bg7 4. e4 d6 5. Nf3 0-0 6. Be2 Bg4 7. Be3 Nfd7 8. Rc1 c5 9. d5 Na6 10. 0-0 Nc7 11. a3 a6 12. a4 Re8 13. Bf4 Bxf3 14. Bxf3 Ne5 15. Be2 e6 16. Qd2 exd5 17. exd5 f5 18. Rfe1 Nf7 19. Qc2 Be5 20. Bd2 Qf6 21. g3 Ng5 22. h4 Nf7 23. f4 Bd4+ 24. Kg2 Rab8 25. Bf1 Nh6 26. Qd3 Ng4 27. Qf3 Bf2 28. Rxe8+ Rxe8 29. Nd1 Be1 30. Qd3 Qe7 31. Rc2 Bxd2 32. Rxd2 Ne3+ 33. Nxe3 Qxe3 34. Qxe3 Rxe3 35. Re2 Rxe2+ 36. Bxe2 h5 37. a5 Kf8 38. Kf3 Ne8 39. Ke3 Nf6 40. Bf3 Ke7 41. Kd3 Kd7 42. Kc3 Kc7 43. b3 b6 44. axb6+ Kxb6 45. Kd3 Ka5 46. Kc3 Ng4 47. Bh1 Ne3 48. Bf3 Nf1 49. g4 hxg4 50. Bxg4 fxg4 51. f5 gxf5 52. h5 Ng3 0-1

[Event "Washington State-ch Premier"]
[Site "Seattle"]
[Date "2008.02.09"]
[Round "3"]
[White "Selzler, Richard"]
[Black "Levine, David M"]
[Result "1-0"]
[WhiteElo "2118"]
[BlackElo "2199"]
[PlyCount "69"]
[EventDate "2008.02.09"]
[EventType "tourn"]
[EventRounds "9"]
[EventCountry "USA"]
[SourceTitle "EXT 2017"]
[Source "ChessBase"]
[SourceDate "2016.10.25"]
[SourceVersion "1"]
[SourceVersionDate "2016.10.25"]
[SourceQuality "1"]

1. e4 e5 2. Nf3 Nc6 3. Bb5 a6 4. Ba4 Nf6 5. 0-0 b5 6. Bb3 Bc5 7. d3 d6 8. a4 Rb8 9. axb5 axb5 10. Nc3 Bg4 11. Be3 Nd4 12. Bxd4 Bxd4 13. Qe2 0-0 14. h3 Bxf3 15. Qxf3 c6 16. Nd1 Ra8 17. Rb1 d5 18. exd5 cxd5 19. Ne3 e4 20. dxe4 dxe4 21. Qe2 Bxe3 22. fxe3 Qb6 23. Rf5 Rab8 24. Rbf1 Rb7 25. Qf2 Rc7 26. Qg3 Kh8 27. Rxb5 Qa7 28. Rg5 Ne8 29. Qf4 Re7 30. Kh1 Qa6 31. Rd1 Qe2 32. Rd8 f6 33. Qd6 Qf1+ 34. Kh2 fxg5 35. Qxe7 1-0

[Event "Reno Far West op"]
[Site "Reno"]
[Date "2007.04.08"]
[Round "5"]
[White "Fairbairn, Stephen"]
[Black "Selzler, Richard"]
[Result "1/2-1/2"]
[WhiteElo "1973"]
[BlackElo "2148"]
[PlyCount "58"]
[EventDate "2007.04.06"]
[EventType "swiss"]
[EventRounds "6"]
[EventCountry "USA"]
[SourceTitle "EXT 2009"]
[Source "ChessBase"]
[SourceDate "2008.11.26"]
[SourceVersion "1"]
[SourceVersionDate "2008.11.26"]
[SourceQuality "1"]

1. c4 g6 2. d4 Nf6 3. g3 Bg7 4. Bg2 0-0 5. Nf3 d6 6. Nc3 Nbd7 7. 0-0 c5 8. b3 a6 9. Bb2 Rb8 10. a4 b6 11. d5 Ne4 12. Qc2 Nxc3 13. Bxc3 Nf6 14. Nd2 e6 15. dxe6 fxe6 16. Rad1 Bb7 17. Bxb7 Rxb7 18. Ne4 Rd7 19. Nxf6+ Bxf6 20. e4 d5 21. Bxf6 Rxf6 22. exd5 exd5 23. cxd5 Rfd6 24. Qc4 Kg7 25. Qxa6 Rxd5 26. Rxd5 Rxd5 27. Qe2 Rd2 28. Qe5+ Qf6 29. Qxf6+ Kxf6 1/2-1/2

[Event "Reno Far West op"]
[Site "Reno"]
[Date "2007.04.07"]
[Round "4"]
[White "Peterson, David Norman"]
[Black "Selzler, Richard"]
[Result "0-1"]
[WhiteElo "1865"]
[BlackElo "2148"]
[PlyCount "100"]
[EventDate "2007.04.06"]
[EventType "swiss"]
[EventRounds "6"]
[EventCountry "USA"]
[SourceTitle "EXT 2009"]
[Source "ChessBase"]
[SourceDate "2008.11.26"]
[SourceVersion "1"]
[SourceVersionDate "2008.11.26"]
[SourceQuality "1"]

1. e4 c5 2. Nf3 Nc6 3. Bb5 e6 4. Bxc6 bxc6 5. 0-0 Ne7 6. b3 Ng6 7. Bb2 d6 8. d3 e5 9. Nbd2 Qf6 10. Qe1 Be7 11. Kh1 h5 12. Qe3 h4 13. Ng1 Nf4 14. Ne2 h3 15. Nxf4 exf4 16. Bxf6 fxe3 17. Bxe7 hxg2+ 18. Kxg2 Kxe7 19. fxe3 Bh3+ 20. Kg3 Bxf1 21. Rxf1 Rh6 22. Rf4 Rah8 23. Nf3 Rh3+ 24. Kg2 f6 25. d4 R3h5 26. Rg4 Kf7 27. h4 Rb8 28. Rf4 Kg8 29. Rg4 c4 30. Nd2 cxb3 31. axb3 Ra5 32. Nc4 Ra2 33. Nxd6 Rxc2+ 34. Kf3 Rxb3 35. Nf5 Rb7 36. d5 c5 37. e5 fxe5 38. Rg6 Rd2 39. Ke4 Rd7 40. d6 c4 41. Kxe5 c3 42. Rg4 c2 43. Rc4 Kf7 44. Nd4 a5 45. Kd5 Rb7 46. Rxc2 Rxc2 47. Nxc2 a4 48. e4 Rb2 49. Nd4 Rd2 50. Kc4 a3 0-1

[Event "North American op 16th"]
[Site "Las Vegas"]
[Date "2006.12.28"]
[Round "4"]
[White "Sevillano, Enrico"]
[Black "Selzler, Richard"]
[Result "1-0"]
[WhiteElo "2574"]
[BlackElo "2131"]
[PlyCount "73"]
[EventDate "2006.12.26"]
[EventType "swiss"]
[EventRounds "9"]
[EventCountry "USA"]
[SourceTitle "CBM 116 Extra"]
[Source "ChessBase"]
[SourceDate "2007.03.07"]
[SourceVersion "1"]
[SourceVersionDate "2007.03.07"]
[SourceQuality "1"]

1. e4 c6 2. c4 d5 3. cxd5 cxd5 4. exd5 Nf6 5. Nc3 Nxd5 6. d4 Nc6 7. Nf3 Bg4 8. Bb5 e6 9. Qa4 Nb6 10. Bxc6+ bxc6 11. Qxc6+ Qd7 12. Qe4 Bf5 13. Qe2 Bd6 14. Nh4 0-0 15. 0-0 Rfc8 16. Rd1 Bb4 17. Ne4 Bxe4 18. Qxe4 Qd5 19. Qg4 Rc2 20. Nf3 Nc4 21. a3 h5 22. Qh3 Ba5 23. b3 Nd6 24. b4 Bb6 25. Be3 Ne4 26. Ne5 f6 27. Nd3 Bxd4 28. Bxd4 Qxd4 29. Qxe6+ Kf8 30. Qf5 Rd8 31. Ne1 Qxd1 32. Rxd1 Rxd1 33. Qxe4 Rcc1 34. Kf1 Ra1 35. Qa8+ Kf7 36. Qxa7+ Kg6 37. Qe3 1-0

[Event "Washington Class-ch Master/Expert"]
[Site "Seattle"]
[Date "2006.11.25"]
[Round "4"]
[White "Collyer, Curt D"]
[Black "Selzler, Richard"]
[Result "1/2-1/2"]
[WhiteElo "2201"]
[BlackElo "2132"]
[PlyCount "29"]
[EventDate "2006.11.24"]
[EventType "swiss"]
[EventRounds "6"]
[EventCountry "USA"]
[SourceTitle "EXT 2017"]
[Source "ChessBase"]
[SourceDate "2016.10.25"]
[SourceVersion "1"]
[SourceVersionDate "2016.10.25"]
[SourceQuality "1"]

1. d4 d5 2. Nf3 Nc6 3. e3 Bg4 4. Nbd2 e5 5. h3 Bxf3 6. Nxf3 e4 7. Nd2 f5 8. c4 Nf6 9. a3 Qd7 10. b4 Ne7 11. cxd5 Nexd5 12. Nc4 Qe6 13. Bd2 Bd6 14. Qa4+ Nd7 15. Qb3 1/2-1/2

[Event "Washington Class-ch Master/Expert"]
[Site "Seattle"]
[Date "2006.11.24"]
[Round "1"]
[White "Selzler, Richard"]
[Black "Greninger, Harley"]
[Result "0-1"]
[WhiteElo "2132"]
[BlackElo "2240"]
[PlyCount "72"]
[EventDate "2006.11.24"]
[EventType "swiss"]
[EventRounds "6"]
[EventCountry "USA"]
[SourceTitle "EXT 2017"]
[Source "ChessBase"]
[SourceDate "2016.10.25"]
[SourceVersion "1"]
[SourceVersionDate "2016.10.25"]
[SourceQuality "1"]

1. d4 d5 2. c4 c6 3. Nf3 Nf6 4. e3 Bf5 5. Nc3 e6 6. Nh4 Bg4 7. f3 Bh5 8. g3 Be7 9. Ng2 Nbd7 10. Nf4 Bg6 11. Nxg6 hxg6 12. f4 Qb6 13. c5 Qc7 14. Rb1 b5 15. b4 a5 16. Bd2 axb4 17. Rxb4 Ne4 18. Nxe4 dxe4 19. a4 bxa4 20. Rxa4 0-0 21. Bg2 f5 22. Rxa8 Rxa8 23. Qb3 Kf7 24. 0-0 Nf6 25. Rb1 Nd5 26. Bf1 g5 27. Bc4 gxf4 28. exf4 Bf6 29. Be3 Nxe3 30. Qxe3 Rd8 31. Qb3 Bxd4+ 32. Kg2 Bxc5 33. Bxe6+ Kf6 34. Rc1 Qd6 35. Qc4 Be3 36. Bg8 Rxg8 0-1

[Event "US Open-107"]
[Site "Chicago"]
[Date "2006.08.13"]
[Round "9"]
[White "Tsyganov, Igor M"]
[Black "Selzler, Richard"]
[Result "1/2-1/2"]
[WhiteElo "2266"]
[BlackElo "2049"]
[PlyCount "43"]
[EventDate "2006.08.05"]
[EventType "swiss"]
[EventRounds "9"]
[EventCountry "USA"]
[SourceTitle "CBM 113 Extra"]
[Source "ChessBase"]
[SourceDate "2006.09.14"]
[SourceVersion "1"]
[SourceVersionDate "2006.09.14"]
[SourceQuality "1"]

1. d4 d5 2. c4 Nc6 3. cxd5 Qxd5 4. e3 e5 5. Nc3 Bb4 6. Bd2 Bxc3 7. bxc3 Nf6 8. Qb3 Qd6 9. Bc1 exd4 10. cxd4 a5 11. Ba3 Nb4 12. Bc4 0-0 13. Nf3 c6 14. Ne5 Nfd5 15. 0-0 Be6 16. Nd3 b5 17. Bxd5 Bxd5 18. Bxb4 axb4 19. Qxb4 Qh6 20. a4 Bxg2 21. Kxg2 Qg6+ 22. Kf3 1/2-1/2

[Event "US Open-107"]
[Site "Chicago"]
[Date "2006.08.10"]
[Round "6"]
[White "Aigner, Michael"]
[Black "Selzler, Richard"]
[Result "1-0"]
[WhiteElo "2266"]
[BlackElo "2049"]
[PlyCount "55"]
[EventDate "2006.08.05"]
[EventType "swiss"]
[EventRounds "9"]
[EventCountry "USA"]
[SourceTitle "CBM 113 Extra"]
[Source "ChessBase"]
[SourceDate "2006.09.14"]
[SourceVersion "1"]
[SourceVersionDate "2006.09.14"]
[SourceQuality "1"]

1. e4 g6 2. d4 Bg7 3. Nc3 d6 4. f4 a6 5. Nf3 b5 6. Bd3 Nd7 7. e5 c5 8. exd6 exd6 9. 0-0 Ne7 10. Ne4 Nb6 11. dxc5 dxc5 12. Nd6+ Kf8 13. Nxc8 Rxc8 14. c3 Rc7 15. Qe2 Rd7 16. Ne5 Rd6 17. Be3 Bxe5 18. fxe5 Rxd3 19. Bxc5 Nbc8 20. e6 Qd5 21. Rxf7+ Ke8 22. Bd4 Rxd4 23. cxd4 Qxd4+ 24. Kh1 Rf8 25. Rd1 Qc4 26. Rxf8+ Kxf8 27. Qe5 Nf5 28. Qf6+ 1-0